Classes and nations /

Bibliographic Details
Main Author: Glezerman, G. E. (Grigoriĭ Efimovich)
Format: Book
Language:English
Russian
Published: Moscow : Progress Publishers, [1979]
Subjects:

MARC

Tag First Indicator Second Indicator Subfields
LEADER 00000cam a2200000 i 4500
001 in00000063141
005 20151008051143.0
008 791210s1979 ur b 00010 eng d
035 |a (OCoLC)05780370 
035 |9 AAG6087AM 
040 |a CLO  |c CLO  |d TXA  |d UtOrBLW 
041 1 |a eng  |a rus 
049 |a TXAM  |c [1421124] 
090 |a HX550.N3  |b G5613 
100 1 |a Glezerman, G. E.  |q (Grigoriĭ Efimovich) 
245 1 0 |a Classes and nations /  |c G. Glezerman ; [translated from the Russian by David Fidlon]. 
264 1 |a Moscow :  |b Progress Publishers,  |c [1979] 
264 4 |c ©1979 
300 |a 270 pages ;  |c 17 cm. 
336 |a text  |b txt  |2 rdacontent 
337 |a unmediated  |b n  |2 rdamedia 
338 |a volume  |b nc  |2 rdacarrier 
500 |a Translation of Klassy i natsii. 
504 |a Includes bibliographical references. 
650 0 |a Nationalism and socialism. 
650 0 |a Social classes. 
650 0 |a Internationalism. 
999 |a MARS 
999 f f |s a2b613b0-543b-3c35-acaf-05f6ace54e88  |i 3bc28a3b-3ac3-35eb-91d6-9408de55ba8b  |t 0 
952 f f |p ric  |a Texas A&M University  |b Rellis Campus  |c Joint Library Facility  |d Remote Storage  |t 0  |e HX550.N3 G5613  |h Library of Congress classification  |i unmediated -- volume  |m A14803059364 
998 f f |a HX550.N3 G5613  |t 0  |l Remote Storage